Представление документа в формате MARC21

Поле Инд. ПП Название Значение
Тип записи a
Библиографический уровень m
001 Контрольный номер dea6db84f2974961b04e0400c881059a
005 Дата корректировки 20240916145943.1
020 a ISBN 978-5-04-166943-0
c Цена, тираж 50-05
040 b Код языка каталог. rus
e Правила каталог. PSBO
041 0_ a Код языка текста rus
080 a Индекс УДК 004.928
084 a Индекс другой классификации/Индекс ББК 32.972.13
090 a Полочн. индекс 681.3
c Каталожный индекс 681.326.7
x Авторский знак Г98
097 b Оператор 02
100 1_ a Автор Гэри Д.
245 10 a Заглавие Думай как гейм-дизайнер
b Продолж. заглавия творческое мышление и эффективное управление игровым проектом
c Ответственность [пер. с англ. М. Ю. Молчанова]
260 a Место издания Москва
b Издательство Бомбора
c Дата издания 2024
300 a Объем 224 с.
440 _0 a Серия Мировой компьютерный бестселлер
510 0_ a Примечание о ссылках Книги и методические пособия
650 04 a Основная рубрика 50.41 Программное обеспечение вычислительных машин, комплексов и сетей
x Основная подрубрика 50.41.25 Прикладное программное обеспечение
653 0_ a Ключевые слова геймдизайн; геймеры; разработка компьютерных игр; компьютерные игры; видеоигры
900 a Имя электронного ресурса Гэри - Думай как гейм-дизайнер (1)
900 a Имя электронного ресурса Гэри - Думай как гейм-дизайнер
901 t Тип документа m
990 j Количество экземпляров (DOS) 2